000 00505nam a2200181Ia 4500
999 _c29352
_d29352
003 OSt
005 20201230144920.0
008 190216s9999||||xx |||||||||||||| ||und||
020 _a9788126405442
040 _coclc
082 _a610
_bEKB/A
100 _aEkbal, B
_97019
245 0 _aAlicinte Atbhutharogam Sahithyavum Vaidyasastravum /
_cB Ekbal
260 _bDc Books ,
_aKottayam:
_c2002.
300 _a90p
650 _aPadanam
942 _cBK
_2ddc
_h610
_iEKB/A
_k610
_mEKB/A